书目信息 |
| 题名: |
石油炼制化学
|
|
| 作者: | 周耀坤 编著 | |
| 分册: | ||
| 出版信息: | 兰州 兰州大学出版社 1993.06 |
|
| 页数: | 662页 | |
| 开本: | 32开 | |
| 丛书名: | ||
| 单 册: | ||
| 中图分类: | TE621 | |
| 科图分类: | ||
| 主题词: | 石油炼制 | |
| 电子资源: | ||
| ISBN: | 7-311-00541-8 | |
| 000 | 00567nam0 2200193 45 | |
| 001 | 0105120989 | |
| 005 | 20010512094923.0 | |
| 010 | @a7-311-00541-8@d47.00元 | |
| 100 | @a20010512d1993 km y0chiy0120 ea | |
| 101 | 0 | @achi |
| 105 | @a z 000yy | |
| 200 | 1 | @a石油炼制化学@AShi You Lian Zhi Hua Xue@f周耀坤等编著@FZhou Yao Kun Deng Bian Zhu |
| 210 | @a兰州@c兰州大学出版社@d1993.06 | |
| 215 | @a662页@d32开 | |
| 606 | 0 | @a石油炼制 |
| 690 | @aTE621@v3 | |
| 701 | 0 | @a周耀坤@4编著 |
| 801 | @aCN@bPftUser@c20010512 | |
| 905 | @f5@b342147-151@dTE621@eZH413@b342147-151@f5 | |
| 石油炼制化学/周耀坤等编著.-兰州:兰州大学出版社,1993.06 |
| 662页;32开 |
| ISBN 7-311-00541-8:47.00元 |
| ● |
| 相关链接 |
|
|
|
正题名:石油炼制化学
索取号:TE621/ZH413
 
预约/预借
| 序号 | 登录号 | 条形码 | 馆藏地/架位号 | 状态 | 备注 |
| 1 | 342147 | 203421476 | 自科二线504/504自科库 42排5列4层/ [索取号:TE621/ZH413] | 在馆 | |
| 2 | 342148 | 203421485 | 自科二线504/504自科库 42排3列2层/ [索取号:TE621/ZH413] | 在馆 | |
| 3 | 342149 | 203421494 | 自科二线504/504自科库 44排5列2层/ [索取号:TE621/ZH413] | 在馆 | |
| 4 | 342150 | 203421500 | 自科二线504/504自科库 44排5列2层/ [索取号:TE621/ZH413] | 在馆 | |
| 5 | 342151 | 203421519 | 自科二线504/504自科库 44排2列3层/ [索取号:TE621/ZH413] | 在馆 |